Financial management / (Record no. 150097)

MARC details
000 -LEADER
fixed length control field 00916nam a22002537a 4500
005 - DATE AND TIME OF LATEST TRANSACTION
control field 20180226123339.0
008 - FIXED-LENGTH DATA ELEMENTS--GENERAL INFORMATION
fixed length control field 180222b xxu||||| |||| 00| 0 eng d
010 ## - LCCN (DPL NO)
LC control number B-689607
020 ## - INTERNATIONAL STANDARD BOOK NUMBER
Terms of availability 750.00
International Standard Book Number 9789325982291
035 ## - SYSTEM CONTROL NUMBER
System control number B-689607
037 ## - SOURCE OF ACQUISITION
Source of stock number/acquisition Pansy
Stock number dpl
040 ## - CATALOGING SOURCE
Original cataloging agency dpl
Language of cataloging Eng
082 ## - DEWEY DECIMAL CLASSIFICATION NUMBER
Classification number 658.15
100 1# - MAIN ENTRY--PERSONAL NAME
9 (RLIN) 26630
Personal name Pandey, I.M.
245 10 - TITLE STATEMENT
Title Financial management /
Statement of responsibility, etc by I. M. Pandey
250 ## - EDITION STATEMENT
Edition statement 11th ed
260 ## - PUBLICATION, DISTRIBUTION, ETC. (IMPRINT)
Place of publication, distribution, etc Noida
Name of publisher, distributor, etc Vikas Publishing House
Date of publication, distribution, etc 2017
270 ## - ADDRESS
Address A-22, Sector-4
City Noida
Postal code 201301
300 ## - PHYSICAL DESCRIPTION
Extent various pagings
Dimensions 27cm(pbk)
500 ## - GENERAL NOTE
General note Includes index
942 ## - ADDED ENTRY ELEMENTS (KOHA)
Source of classification or shelving scheme Dewey Decimal Classification
Item type English Books
Call number suffix PAN
Classification part 658.15
Holdings
Withdrawn status Lost status Source of classification or shelving scheme Damaged status Not for loan Collection code Home library Current library Date acquired Source of acquisition Cost, normal purchase price Total Checkouts Total Renewals Full call number Barcode Date last seen Copy number Cost, replacement price Koha item type
  Lost and Paid For Dewey Decimal Classification     Non-fiction Sarojini Nagar Sarojini Nagar 22/02/2018 RP/1718/15.2.2018/ 20.2.2018/Sarojini Nagar,/ 750.00 16 8 658.15 PAN B-689607 29/03/2022 1 750.00 English Books

© Delhi Public Library
Hit Counter
free hit counter